Expenditure management through treasury system: current trends

Výhody jediného účtu štátnej pokladnice a využitie v procese vládnutia. Skúsenosti z Ukrajiny.

Gespeichert in:
Bibliographische Detailangaben
1. Verfasser: Kurganskaya, Eleonora
Format: Buchkapitel
Sprache:Englisch
Schlagworte:
Tags: Tag hinzufügen
Keine Tags, Fügen Sie das erste Tag hinzu!

MARC

LEADER 00000nla a2200000 4500
001 0228418
005 20240417075112.5
041 0 |a eng 
044 |a DE 
245 1 0 |a Expenditure management through treasury system: current trends  |c Eleonora Kurganskaya 
520 |a Výhody jediného účtu štátnej pokladnice a využitie v procese vládnutia. Skúsenosti z Ukrajiny. 
610 2 0 |a riadenie finančné 
610 2 0 |a financie verejné 
610 2 0 |a metódy riadenia 
610 2 0 |a pokladnica štátna 
610 2 0 |a rozpočet štátny 
610 2 0 |a ministerstvá 
610 2 0 |a Ukrajina 
100 1 |a Kurganskaya, Eleonora